Calciatori e Anno di nascita - Quiz n°10 - Statistics

Statistiche generali
  • Questo quiz è stato fatto 11 volte
  • Il punteggio medio è 4 su 10
Statistiche sulle risposte
Hint Risposta % Corretto
Justin Kluivert 1999
71%
Robert Acquafresca 1987
57%
Nicolás Otamendi 1988
57%
Philippe Coutinho 1992
57%
Mateo Kovačić 1994
57%
Mikel Oyarzabal 1997
57%
Stevan Jovetić 1989
43%
Edin Džeko 1986
29%
Juan Mata 1988
14%
Ander Herrera 1989
0%
Nessun quiz corrispondente trovato
Distribuzione punteggi
Percentuale di utenti per punteggio
Percentile per numero di risposta
I tuoi punteggi nel tempo
Non hai fatto questo quiz